Statistics for General MCU Quiz

Click here to take the quiz!

General Stats

  • This quiz has been taken 147 times
  • The average score is 7 of 11

Answer Stats

HintAnswer% Correct
What is the Black Panther suit made out of?Vibranium
97%
Which NAZI organisation infiltrated SHIELD?HYDRA
95%
What is Starlord's real name?Peter Quill
94%
Who killed agent coulson?Loki
91%
Which war did Captain America fight in?World War 2
91%
What does Stark Industries manufacture?Weapons
87%
What type of giants appear in Thor?Frost Giants
69%
Where did Scott Lang work before becoming Ant Man?Baskin Robbins
62%
Who killed thor's mother?Kurse
21%
What tape does Starlord listen to on his Walkman?Awesome Mix Vol. 1
20%
Which sorcerer and former member of the Masters of the Mystic Arts lived in Copenhagen?Kaecilius
19%

Score Distribution

Percentile by Number Answered

Percent of People with Each Score

Your Score History

You have not taken this quiz